[Event "Catalunya-chT Gp1"]
[Site "Barcelona"]
[Date "2015.01.24"]
[Round "1.3"]
[White "Fernandez Perez, Didier"]
[Black "Dalo, Hermes"]
[Result "1/2-1/2"]
[WhiteElo "2248"]
[BlackElo "2258"]
[PlyCount "51"]
[EventDate "2015.01.24"]
[EventType "team-tourn"]
[EventRounds "7"]
[EventCountry "ESP"]
[SourceTitle "CBM 164 Extra"]
[Source "ChessBase"]
[SourceDate "2015.03.02"]
[SourceVersion "1"]
[SourceVersionDate "2015.03.02"]
[SourceQuality "1"]
[WhiteTeam "Figueres"]
[BlackTeam "Catalunya"]
[WhiteTeamCountry "ESP"]
[BlackTeamCountry "ESP"]

1. d4 Nf6 2. Nf3 g6 3. c4 Bg7 4. Nc3 0-0 5. e3 d6 6. Be2 Nbd7 7. 0-0 e5 8. Qc2 Re8 9. Rd1 exd4 10. exd4 Nf8 11. h3 Bf5 12. Bd3 Bxd3 13. Qxd3 Ne6 14. Be3 Nh5 15. Qd2 f5 16. d5 Nc5 17. Nd4 Qd7 18. b4 Ne4 19. Nxe4 Rxe4 20. f3 Ree8 21. Rac1 Be5 22. f4 Bf6 23. Ne6 Ng7 24. Ng5 h6 25. Nf3 Re4 26. Re1 1/2-1/2

[Event "Barcelona Sant Marti op 5th"]
[Site "Barcelona"]
[Date "2014.09.13"]
[Round "7.1"]
[White "Dalo, Hermes"]
[Black "Uribe Arteaga, Daniel"]
[Result "0-1"]
[WhiteElo "2319"]
[BlackElo "2260"]
[PlyCount "138"]
[EventDate "2014.09.13"]
[EventType "swiss"]
[EventRounds "9"]
[EventCountry "ESP"]
[SourceTitle "EXT 2024"]
[Source "ChessBase"]
[SourceDate "2023.10.10"]
[SourceVersion "1"]
[SourceVersionDate "2023.10.10"]
[SourceQuality "1"]

1. d4 g6 2. c4 Bg7 3. e4 d6 4. Nf3 Nc6 5. Be3 Bg4 6. Be2 Bxf3 7. Bxf3 e5 8. d5 Nd4 9. Bxd4 exd4 10. Nd2 Ne7 11. 0-0 c5 12. Be2 0-0 13. Bd3 g5 14. g3 Ng6 15. f4 gxf4 16. gxf4 Qh4 17. Qe1 Qxe1 18. Raxe1 Bh6 19. e5 Bxf4 20. Nf3 Nxe5 21. Nxe5 dxe5 22. Bf5 Rad8 23. Kg2 Kh8 24. Kf3 Rd6 25. Re2 Rg8 26. Rff2 b5 27. b3 Ra6 28. Rg2 Ra3 29. Kf2 bxc4 30. bxc4 Rd8 31. Rb2 Bc1 32. Rc2 Be3+ 33. Ke2 Ra6 34. Rb2 Rb6 35. Rxb6 axb6 36. Kd3 Rd6 37. Ke4 Bf4 38. Rb2 Rh6 39. h3 Kg7 40. a4 Kf8 41. Rb5 Rf6 42. a5 bxa5 43. Rxc5 Ra6 44. Rc6 Ra7 45. d6 a4 46. d7 Bg5 47. Kxe5 a3 48. Bb1 Rxd7 49. Ra6 d3 50. Rxa3 d2 51. Bc2 d1Q 52. Bxd1 Rxd1 53. Rc3 Kg7 54. Kf5 h6 55. c5 Rd7 56. c6 Rc7 57. Ke4 Kf6 58. Kd5 Bf4 59. Rf3 Kf5 60. Kc5 Ke4 61. Rf1 Rc8 62. Rd1 f5 63. Rd7 Rf8 64. c7 Bxc7 65. Rxc7 f4 66. Re7+ Kf3 67. Rh7 Rf6 68. Kd5 Kg3 69. Ke5 Rf8 0-1

[Event "Barcelona Sant Marti op 5th"]
[Site "Barcelona"]
[Date "2014.09.13"]
[Round "8.5"]
[White "Gutierrez Anso, Jose"]
[Black "Dalo, Hermes"]
[Result "0-1"]
[WhiteElo "2076"]
[BlackElo "2319"]
[PlyCount "90"]
[EventDate "2014.09.13"]
[EventType "swiss"]
[EventRounds "9"]
[EventCountry "ESP"]
[SourceTitle "EXT 2024"]
[Source "ChessBase"]
[SourceDate "2023.10.10"]
[SourceVersion "1"]
[SourceVersionDate "2023.10.10"]
[SourceQuality "1"]

1. Nc3 c5 2. e4 Nc6 3. Bb5 Nd4 4. Bc4 e6 5. Nge2 g6 6. Nxd4 cxd4 7. Nb5 Qb6 8. c3 dxc3 9. bxc3 a6 10. Nd4 Bg7 11. Nf3 Qc7 12. Qe2 d6 13. 0-0 Ne7 14. d4 0-0 15. Bd2 d5 16. Bb3 dxe4 17. Qxe4 Nc6 18. Qh4 Ne7 19. Rac1 Nf5 20. Qh3 e5 21. g4 e4 22. Ne5 Nd6 23. Bf4 Qe7 24. Qe3 Be6 25. Rfe1 Bxb3 26. axb3 f5 27. gxf5 gxf5 28. Qg3 Nf7 29. Nc4 Rad8 30. f3 Kh8 31. Kh1 Rg8 32. fxe4 fxe4 33. Qe3 Rde8 34. Rg1 b5 35. Nd2 Nd6 36. Rce1 a5 37. Rxg7 Qxg7 38. Rg1 Qxg1+ 39. Qxg1 Rxg1+ 40. Kxg1 e3 41. Nf3 Ne4 42. c4 bxc4 43. bxc4 a4 44. Kf1 e2+ 45. Kxe2 Ng5+ 0-1

[Event "Barcelona Sant Marti op 5th"]
[Site "Barcelona"]
[Date "2014.09.13"]
[Round "6.2"]
[White "Martinez Pla, Xavier"]
[Black "Dalo, Hermes"]
[Result "1/2-1/2"]
[WhiteElo "2182"]
[BlackElo "2319"]
[PlyCount "66"]
[EventDate "2014.09.13"]
[EventType "swiss"]
[EventRounds "9"]
[EventCountry "ESP"]
[SourceTitle "EXT 2024"]
[Source "ChessBase"]
[SourceDate "2023.10.10"]
[SourceVersion "1"]
[SourceVersionDate "2023.10.10"]
[SourceQuality "1"]

1. e4 c5 2. Nf3 d6 3. Bb5+ Nd7 4. d4 cxd4 5. Qxd4 a6 6. Bxd7+ Bxd7 7. 0-0 Rc8 8. c4 e5 9. Qd3 Nf6 10. Nc3 Be7 11. a4 0-0 12. h3 h6 13. Be3 Be6 14. b3 Nd7 15. Nd2 Nc5 16. Bxc5 Rxc5 17. Nd5 Bxd5 18. cxd5 Qc8 19. Nc4 f5 20. f3 a5 21. Rac1 f4 22. Rc2 Qb8 23. Rfc1 Rfc8 24. Na3 Qa7 25. Kh2 Bh4 26. Nc4 Qb8 27. Nb6 Rxc2 28. Rxc2 Rxc2 29. Qxc2 Bg3+ 30. Kh1 Qa7 31. Qc8+ Kh7 32. Qf5+ Kg8 33. Qe6+ Kh7 1/2-1/2

[Event "Figueres op 15th"]
[Site "Figueres"]
[Date "2014.08.15"]
[Round "5"]
[White "Saez Coma, Alejandro"]
[Black "Dalo, Hermes"]
[Result "1/2-1/2"]
[WhiteElo "2113"]
[BlackElo "2221"]
[PlyCount "23"]
[EventDate "2014.08.11"]
[EventType "swiss"]
[EventRounds "9"]
[EventCountry "ESP"]
[SourceTitle "CBM 162 Extra"]
[Source "ChessBase"]
[SourceDate "2014.10.17"]
[SourceVersion "1"]
[SourceVersionDate "2014.10.17"]
[SourceQuality "1"]

1. d4 Nf6 2. c4 e6 3. Nf3 d5 4. cxd5 exd5 5. Nc3 c6 6. Bg5 Be7 7. Qc2 0-0 8. e3 Nbd7 9. Bd3 Re8 10. 0-0 Nf8 11. Rab1 Ng6 12. b4 1/2-1/2

[Event "Badalona op 40th"]
[Site "Badalona"]
[Date "2014.08.07"]
[Round "6"]
[White "Dalo, Hermes"]
[Black "Perpinya Rofes, Lluis Maria"]
[Result "0-1"]
[WhiteElo "2221"]
[BlackElo "2391"]
[PlyCount "86"]
[EventDate "2014.08.02"]
[EventType "swiss"]
[EventRounds "9"]
[EventCountry "ESP"]
[SourceTitle "CBM 161 Extra"]
[Source "ChessBase"]
[SourceDate "2014.08.29"]
[SourceVersion "1"]
[SourceVersionDate "2014.08.29"]
[SourceQuality "1"]

1. d4 Nf6 2. c4 g6 3. Nc3 Bg7 4. e4 d6 5. Nf3 0-0 6. h3 Na6 7. Be3 e5 8. d5 Nh5 9. g3 Qe8 10. Be2 Bd7 11. Nh2 Nf6 12. Ng4 Nc5 13. Nxf6+ Bxf6 14. h4 Bg7 15. Qd2 f5 16. f3 a5 17. 0-0-0 a4 18. Bh6 Bxh6 19. Qxh6 Qe7 20. Rh2 Qg7 21. Qd2 Rae8 22. Rf1 Rf6 23. Bd3 Ref8 24. Rhf2 Qf7 25. Bc2 fxe4 26. Nxe4 Nxe4 27. Bxe4 Bh3 28. Rh1 Bf5 29. Bxf5 Rxf5 30. Rhf1 c6 31. Qd3 cxd5 32. cxd5 a3 33. b3 Rc8+ 34. Kb1 Rc5 35. Rd1 Qc7 36. Rdf1 Qa5 37. Rd1 Rc3 38. Qd2 Qc5 39. h5 e4 40. hxg6 e3 41. gxh7+ Kh8 42. Qe2 Rxd5 43. Re1 Rd2 0-1

[Event "Barcelona Sant Marti op-A 16th"]
[Site "Barcelona"]
[Date "2014.07.17"]
[Round "5"]
[White "Dalo, Hermes"]
[Black "Palit, Somak"]
[Result "0-1"]
[WhiteElo "2226"]
[BlackElo "2411"]
[PlyCount "50"]
[EventDate "2014.07.13"]
[EventType "swiss"]
[EventRounds "9"]
[EventCountry "ESP"]
[SourceTitle "CBM 161 Extra"]
[Source "ChessBase"]
[SourceDate "2014.08.29"]
[SourceVersion "1"]
[SourceVersionDate "2014.08.29"]
[SourceQuality "1"]

1. Nf3 Nf6 2. c4 g6 3. Nc3 d5 4. cxd5 Nxd5 5. Qc2 Bg7 6. d4 Nxc3 7. bxc3 c5 8. e3 0-0 9. Be2 Nc6 10. 0-0 cxd4 11. cxd4 Bf5 12. Qd2 e5 13. Ba3 Re8 14. Bb5 exd4 15. Bxc6 dxe3 16. Qxd8 Rexd8 17. Bb5 Bd3 18. Ba4 e2 19. Rfe1 b5 20. Bb3 Bxa1 21. Rxa1 a5 22. Ne5 Bc4 23. Nxc4 bxc4 24. Ba4 Rd3 25. Be7 Re8 0-1